000 01422cam a22003853a 4500
001 15686018
003 PILC
005 20160602100743.0
008 080723s2008 nyuc 000 f eng d
010 _a 2009415428
015 _aGBA885482
_2bnb
016 7 _a014662093
_2Uk
020 _a9780441016150 (pbk.)
020 _a0441016154 (pbk.)
035 _a(OCoLC)ocn235307614
035 _a(OCoLC)235307614
_z(OCoLC)183267548
040 _aNjBwBT
_cJFN
_dJFN
_dUPZ
_dOCLCQ
_dUKM
_dBTCTA
_dBAKER
_dORX
_dB2A
_dYDXCP
_dVP@
_dIXA
_dDLC
042 _alccopycat
050 _aPZ 7
_b.B854 2008
100 1 _aBriggs, Patricia.
245 1 0 _aCry wolf /
_cPatricia Briggs.
250 _aAce mass-market ed.
260 _aNew York :
_bAce Books,
_c2008.
300 _a310 pages ;
_c18 cm.
490 0 _aAn Ace book
500 _a"An Alpha and Omega novel"--Cover.
500 _a"Ace fantasy"--Spine.
520 _aAfter years at the bottom of the pack, Anna has learned never to trust dominant males, until Charles Cornick, the enforcer and leader of the North American werewolves, declares her his mate, revealing her destiny as an Omega wolf.
650 0 _aWerewolves
_vFiction.
655 7 _aFantasy fiction.
_2gsafd
710 2 _aCopyright Paperback Collection (Library of Congress)
_5DLC
906 _a7
_bcbc
_ccopycat
_d2
_encip
_f20
_gy-genrareb
942 _2lcc
_cBK
999 _c295567
_d295567